000 00875nam a22002177a 4500
003 OSt
005 20260211082325.0
008 240820b ||||| |||| 00| 0 eng d
040 _c0
082 _aDPer 320.05 As421 April-December 2020 v. 28 n. 1-3
100 _aAroonpipat, Sunida.
_eauthor.
_958470
245 _aContending eurocentric theories :
_bthe case study of Thailand's economic regionalism in ASEAN /
_cSunida Aroonpipat.
260 _aUnited Kingdom ;
_bTaylor & Francis Group ,
_cAugust 2020.
300 _aVolume 28, pages 164-191 :
_billustration ;
_c26 cm.
500 _aAsian Journal of Political Science, vol. 28, no. 2, pages 164-191, August 2020.
650 0 _aInternational economic integration
_920880
650 0 _aEurocentric theory.
_967018
650 0 _aRegionalism.
_967019
700 _aAroonpipat, Sunida.
_eauthor.
_958470
942 _2ddc
_cPER
999 _c20699
_d20699